regulation and the revolution in United States farm productivity (Record no. 40968)

MARC details
000 -LEADER
fixed length control field 00447nam a2200145Ia 4500
082 ## - DEWEY DECIMAL CLASSIFICATION NUMBER
Classification number 338.43.02(73)
Item number CLA
100 ## - MAIN ENTRY--AUTHOR NAME
Personal name Clarke, Sally H
245 #0 - TITLE STATEMENT
Title regulation and the revolution in United States farm productivity
260 ## - PUBLICATION, DISTRIBUTION, ETC. (IMPRINT)
Place of publication New York
Name of publisher Cambridge University Press
Year of publication 1994
650 ## - SUBJECT ADDED ENTRY--TOPICAL TERM
Topical Term Agriculture and the organization
650 ## - SUBJECT ADDED ENTRY--TOPICAL TERM
Topical Term Market regulation
650 ## - SUBJECT ADDED ENTRY--TOPICAL TERM
Topical Term Power farming
942 ## - ADDED ENTRY ELEMENTS (KOHA)
Koha item type Books
Holdings
Withdrawn status Lost status Damaged status Not for loan Home library Current library Date acquired Cost, normal purchase price Full call number Accession Number Koha item type
        RRII Library RRII Library 16/12/2021 35.00 338.43.02(73) CLA 21261 Books